| 000 | 01162cam a2200289 a 4500 | ||
|---|---|---|---|
| 001 | 1614726 | ||
| 003 | NUST - PNEC | ||
| 005 | 20170116181032.0 | ||
| 008 | 950306s1996 flua b 001 0 eng | ||
| 010 | _a 95011954 | ||
| 020 | _a0849396514 (alk. paper) | ||
| 040 | _cLIBRARY | ||
| 082 | 0 | 0 | _a621.4021 BEJ |
| 100 | 1 |
_aBejan, Adrian, _d1948- |
|
| 245 | 1 | 0 |
_aEntropy generation minimization : _bthe method of thermodynamic optimization of finite-size systems and finite-time processes / _cAdrian Bejan. |
| 260 |
_aBoca Raton : _bCRC Press, _cc1996. |
||
| 300 |
_a362 p. : _bill. ; _c25 cm. |
||
| 440 | 0 | _aAdvanced topics in mechanical engineering series | |
| 504 | _aIncludes bibliographical references and indexes. | ||
| 650 | 0 |
_aThermodynamics _xME |
|
| 650 | 0 |
_aHeat _xTransmission _xMathematical models. |
|
| 650 | 0 | _aEntropy. | |
| 856 | 4 | 2 |
_3Publisher description _uhttp://www.loc.gov/catdir/enhancements/fy0740/95011954-d.html |
| 906 |
_a7 _bcbc _corignew _d1 _eocip _f19 _gy-gencatlg |
||
| 942 |
_2ddc _cBK |
||
| 999 |
_c67761 _d67761 |
||